[Event "Ceske Budejovice op"]
[Site "Ceske Budejovice"]
[Date "1993.??.??"]
[Round "6"]
[White "Voloshin, Leonid"]
[Black "Chernikov, Oleg L"]
[Result "1-0"]
[WhiteElo "2410"]
[BlackElo "2395"]

1.d4 d5 2.c4 c6 3.Nc3 Nf6 4.e3 e6 5.Nf3 Bd6 6.Bd3 Nbd7 7.O-O O-O 8.e4 dxe4
9.Nxe4 Nxe4 10.Bxe4 h6 11.Bc2 e5 12.Qd3 f5 13.c5 Bc7 14.Qc4+ Kh8 15.Nxe5 Nxe5
16.dxe5 Bxe5 17.Bf4 Qd4 18.Qxd4 Bxd4 19.Rfe1 Bxc5 20.Rad1 a5 21.Bd6 Bxd6
22.Rxd6 a4 23.f4 Ra5 24.b4 axb3 25.Bxb3 Ra6 26.Re7 c5 27.Rxa6 bxa6 28.Rc7 Kh7
29.Kf2 Rd8 30.h4 Bd7 31.Rxc5 Bb5 32.Rd5 Rxd5 33.Bxd5 g5 34.g3 gxh4 35.gxh4 Kg6
36.Bf3 Kf6 37.Ke3 Ke6 38.Kd4 Kd6 39.Bb7 Kc7 40.Bd5 Kd6 41.Bc4 Bxc4 42.Kxc4 Kc6
43.h5  1-0

[Event "JUG-chT"]
[Site "Cetinje"]
[Date "1993.??.??"]
[Round "?"]
[White "Prudnikova, Svetlana"]
[Black "Lelchuk, Zoja"]
[Result "1-0"]
[WhiteElo "2385"]
[BlackElo "2340"]

1.d4 d5 2.c4 c6 3.Nc3 Nf6 4.e3 e6 5.Nf3 Nbd7 6.Bd3 dxc4 7.Bxc4 b5 8.Bd3 b4
9.Ne4 c5 10.O-O Bb7 11.Nxf6+ gxf6 12.e4 cxd4 13.Bb5 Qb6 14.Bxd7+ Kxd7 15.Nxd4 Bxe4
16.Be3 Qb7 17.Qa4+ Ke7 18.f3 Bd5 19.Rac1 Bg7 20.Nb5 Kf8 21.Rc7 Qb8 22.Rfc1 e5
23.Nd6 Be6 24.Rc8+ Qxc8 25.Nxc8 Rxc8 26.Rxc8+ Bxc8 27.Bc5+  1-0

[Event "JUG-chT"]
[Site "Cetinje"]
[Date "1993.??.??"]
[Round "?"]
[White "Maric, Alisa"]
[Black "Stoisavljevic, Sava"]
[Result "1-0"]
[WhiteElo "2405"]
[BlackElo "2150"]

1.d4 d5 2.c4 e6 3.Nc3 c6 4.e3 Nf6 5.Nf3 Nbd7 6.Qc2 Bd6 7.g4 Bb4 8.Rg1 Qe7
9.Bd2 a5 10.g5 Bxc3 11.Bxc3 Ne4 12.Bd3 Nxc3 13.Qxc3 Qb4 14.c5 O-O 15.a3 Qxc3+
16.bxc3 Re8 17.Rb1 g6 18.Kd2 e5 19.Be2 Kg7 20.Ne1 Rb8 21.Bg4 f6 22.gxf6+ Nxf6
23.Bxc8 Rexc8 24.Nd3 e4 25.Ne5 Rd8 26.c4 Nd7 27.Nxd7 Rxd7 28.cxd5 cxd5 29.c6 Rc7
30.Rgc1 b5 31.Rc5 Rb6 32.Rbxb5 Rcxc6 33.Rxc6 Rxc6 34.Rxd5 Rf6 35.Ke2 Rb6
36.Re5 Rb2+ 37.Kf1  1-0

[Event "JUG-chT"]
[Site "Cetinje"]
[Date "1993.??.??"]
[Round "?"]
[White "Nestorovic, Dejan"]
[Black "Milenkovic, Jovica"]
[Result "0-1"]
[WhiteElo "2380"]
[BlackElo "2225"]

1.d4 d5 2.Nf3 Nf6 3.c4 c6 4.e3 e6 5.Nc3 Nbd7 6.Qc2 Bd6 7.g4 dxc4 8.g5 Nd5
9.Bxc4 b5 10.Be2 Bb7 11.Ne4 Be7 12.Bd2 Rc8 13.Nc5 Nxc5 14.dxc5 Bxg5 15.O-O-O Bh6
16.Ne5 Qe7 17.Ng4 Bg5 18.f4 Bh4 19.e4 Nf6 20.Nxf6+ Bxf6 21.Ba5 O-O 22.e5 Bh4
23.Rd6 Bf2 24.Rf1 Qh4 25.Bd3 Be3+ 26.Kb1 Bxf4 27.Rd4 g5 28.Rg1 Kh8 29.Be1 Qh3
30.Bf1 Qe3 31.Bf2 Qf3 32.Bg2 Qh5 33.h4 h6 34.Rd7 Rcd8 35.Qd3 Rxd7 36.Qxd7 Bc8
37.Qxc6 Qg6+ 38.Ka1 Bxe5 39.hxg5 Qc2 40.Qxb5 Qxf2 41.Rh1 Bg7 42.gxh6 Bf6
43.Be4 Qf4 44.Qc4 Qe5 45.Qc2 a5 46.c6 Rd8 47.Rg1 Rg8 48.Rxg8+ Kxg8 49.Kb1 Kh8  0-1

[Event "JUG-chT"]
[Site "Cetinje"]
[Date "1993.??.??"]
[Round "?"]
[White "Malaniuk, Vladimir P"]
[Black "Ivanovic, Bozidar"]
[Result "0-1"]
[WhiteElo "2635"]
[BlackElo "2475"]

1.d4 d5 2.c4 c6 3.Nf3 Nf6 4.Nc3 e6 5.e3 Nbd7 6.Qc2 Bd6 7.g4 dxc4 8.Bxc4 e5
9.g5 Nd5 10.Bd2 exd4 11.Qe4+ Ne7 12.Qxd4 Nf5 13.Qe4+ Ne7 14.Qc2 Nb6 15.Be2 Bf5
16.Ne4 Bc7 17.Nd4 Bg6 18.h4 h5 19.Bd3 Qd5 20.O-O-O Qxa2 21.Nb3 O-O-O 22.f3 Na4
23.Nd4 c5 24.Bb5 Qa1+ 25.Qb1 Qxb1+ 26.Kxb1 cxd4 27.Bxa4 Nf5 28.exd4 Nxd4
29.Bc3 Nxf3 30.Bc2 Rxd1+ 31.Rxd1 Rd8 32.Rf1 Nd4 33.Bd3 Nf5 34.Nc5 Rd5 35.b4 b6
36.Ba6+ Kb8 37.Nd3 b5 38.Nf4 Ne3+ 39.Nxg6 Nxf1 40.Ne7 Rd1+ 41.Kb2 Ne3 42.Bxg7 Nc4+
43.Kc3 Be5+ 44.Bxe5+ Nxe5 45.Bxb5 Rh1 46.Nf5 Rh3+ 47.Kc2 Rf3 48.Ng7 Rf4 49.Nxh5 Rxb4
50.Be8 Rxh4 51.Nf6 Kc7  0-1

[Event "Ceuta-B"]
[Site "Ceuta"]
[Date "1993.??.??"]
[Round "7"]
[White "Eslon, Jaan"]
[Black "Pareja Perez, Juan F"]
[Result "1-0"]
[WhiteElo "2440"]
[BlackElo "2080"]

1.d4 d5 2.c4 c6 3.Nc3 Nf6 4.e3 e6 5.Nf3 Be7 6.Bd3 O-O 7.O-O a6 8.e4 dxe4
9.Nxe4 b5 10.c5 Nbd7 11.Bf4 Nxe4 12.Bxe4 Nf6 13.Bxc6 Ra7 14.Bb8 Rb7 15.Bxb7 Bxb7
16.Bg3 Ne4 17.Rc1 Bd5 18.a4 h5 19.axb5 axb5 20.c6 Qc8 21.Re1 Qa6 22.c7 Rc8
23.Bh4 Bxh4 24.Nxh4 Nf6 25.Re3 b4 26.Nf3 Ng4 27.Re1 Qa5 28.Ne5 Nxe5 29.dxe5 Rxc7
30.Rxc7 Qxc7 31.Qxh5 Qc6 32.Qg5 Qc2 33.Rc1 Qe2 34.Qd8+ Kh7 35.Qh4+ Kg6 36.Qxb4 Qxe5
37.Qg4+ Kh7 38.Qh4+ Kg6 39.Qg3+  1-0

[Event "Ceuta-B"]
[Site "Ceuta"]
[Date "1993.??.??"]
[Round "9"]
[White "Medina, J."]
[Black "Pareja Perez, Juan F"]
[Result "0-1"]
[WhiteElo "2270"]
[BlackElo "2080"]

1.d4 d5 2.c4 c6 3.Nc3 Nf6 4.Nf3 e6 5.e3 Bd6 6.Qc2 O-O 7.b3 Nbd7 8.Be2 e5
9.O-O Re8 10.Rd1 e4 11.Nd2 Nf8 12.h3 Bf5 13.b4 Bxb4 14.Rb1 Bd6 15.c5 Bc7
16.Rxb7 Ng6 17.Nf1 Bc8 18.Rb3 Nh4 19.Ng3 g5 20.Kf1 Kh8 21.Bb2 g4 22.hxg4 Nxg4
23.Ke1  0-1

[Event "ARG-chT"]
[Site "Chaco"]
[Date "1993.??.??"]
[Round "1"]
[White "Nedilsky, Diego"]
[Black "Escandon, Federico"]
[Result "1/2-1/2"]
[WhiteElo "2240"]
[BlackElo "2120"]

1.d4 d5 2.Nf3 Nf6 3.c4 c6 4.Nc3 e6 5.e3 Bd6 6.Qc2 Nbd7 7.Be2 O-O 8.O-O Re8
9.b3 b6 10.Bb2 Bb7 11.Rfd1 Qe7 12.Rac1 Rad8 13.e4 Nxe4 14.Nxe4 dxe4 15.Qxe4 f5
16.Qe3 Nf6 17.Ne5 c5 18.Bf3 Ne4 19.Nd3  1/2-1/2

[Event "Cheliabinsk"]
[Site "Cheliabinsk"]
[Date "1993.??.??"]
[Round "?"]
[White "Kiselev, Sergey"]
[Black "Bashkov, Viacheslav"]
[Result "1/2-1/2"]
[WhiteElo "2470"]
[BlackElo "2430"]

1.d4 d5 2.c4 c6 3.Nf3 Nf6 4.Nc3 e6 5.e3 Nbd7 6.Qc2 Bd6 7.Be2 O-O 8.O-O Re8
9.Rd1 Qe7 10.b3 b6 11.e4 dxe4 12.Nxe4 Nxe4 13.Qxe4 Bb7 14.Bb2 Rad8 15.Ne5 Nf6
16.Qe3 c5 17.Bf3 cxd4 18.Bxd4 Qc7 19.Bxb7 Qxb7 20.Rd3 Ne4 21.Re1 Nc5 22.Rdd1 f6
23.Nd3 Nxd3 24.Rxd3 Qc7 25.Qh3 e5 26.Be3 Bb4 27.Red1 Rxd3 28.Rxd3 Rd8 29.Qe6+ Kh8
30.Rd5 Rd6  1/2-1/2

[Event "Cherepovets"]
[Site "Cherepovets"]
[Date "1993.??.??"]
[Round "?"]
[White "Tunik, Gennady"]
[Black "Cherniaev, Alexander"]
[Result "1/2-1/2"]
[WhiteElo "2465"]
[BlackElo "2435"]

1.d4 d5 2.Nf3 c6 3.c4 Nf6 4.Nc3 e6 5.e3 Nbd7 6.Bd3 dxc4 7.Bxc4 b5 8.Be2 Bb7
9.O-O b4 10.Na4 Be7 11.Bd2 O-O 12.a3 bxa3 13.b4 a5 14.bxa5 c5 15.dxc5 Nxc5
16.Nb6 Ra7 17.Bb4 Nd5 18.Nxd5 Bxd5 19.Rxa3 Nb7 20.Bxe7 Qxe7 21.Qa1 Rfa8 22.a6 Nc5
23.Qb2 Qd6 24.Rfa1 Bxf3 25.Bxf3 Rb8 26.Qe2 Rxa6 27.Rxa6 Nxa6 28.g3 Nc5 29.Rd1 Qb6
30.Qc4 h6 31.h4 Nb7 32.Rd7 Nd6 33.Qf4 Rd8  1/2-1/2

[Event "Chisinau op"]
[Site "Chisinau"]
[Date "1993.??.??"]
[Round "?"]
[White "Itkis, Boris"]
[Black "Anikaev, Yuri N"]
[Result "1-0"]
[WhiteElo "2435"]
[BlackElo "2420"]

1.d4 d5 2.c4 c6 3.Nf3 Nf6 4.e3 e6 5.Nc3 Bd6 6.Qc2 O-O 7.Be2 Re8 8.O-O b6
9.e4 dxe4 10.Nxe4 Be7 11.Bf4 Bb7 12.Rad1 Nxe4 13.Qxe4 Nd7 14.Rfe1 Nf8 15.Ne5 Ng6
16.Bd3 Bf6 17.Bg3 Qc8 18.c5 bxc5 19.dxc5 Ba6 20.Bc2 Qb7 21.b4 Bxe5 22.Bxe5 Rad8
23.Bd6 Qb5 24.a4 Qc4 25.Qxc6 Qxc2 26.Qxa6 Nf4 27.Rc1 Qd2 28.Qc4 Nd3 29.Rf1 Nxc1
30.Rxc1 e5 31.Qc3 Qxc3 32.Rxc3 f6 33.b5 Rd7 34.Kf1 Kf7 35.Ke2 Ke6 36.Kd3 Kd5
37.Kc2 f5 38.Rd3+ Ke6 39.Kc3 g5 40.Kc4 Rc8 41.Rd5 e4 42.Re5+ Kf6 43.Kd5 Kf7
44.c6 Rdd8 45.Kc5 Re8 46.Rxe8 Rxe8  1-0

[Event "Clichy"]
[Site "Clichy"]
[Date "1993.??.??"]
[Round "4"]
[White "Renet, Olivier"]
[Black "Prie, Eric"]
[Result "1/2-1/2"]
[WhiteElo "2535"]
[BlackElo "2470"]

1.c4 e6 2.Nc3 d5 3.d4 c6 4.e3 Nf6 5.Nf3 Nbd7 6.Bd3 dxc4 7.Bxc4 b5 8.Bd3 Bb7
9.O-O b4 10.Ne4 c5 11.Nxf6+ gxf6 12.Qe2 Qb6 13.a3 cxd4 14.exd4 Bg7 15.Be3 Bd5
16.Bc4 Qb7 17.Bxd5 Qxd5 18.axb4 O-O 19.Ra5 Qb7 20.d5 Qxb4 21.Rb5 Qe4 22.dxe6 fxe6
23.Nd4 Rfe8 24.f3 Qg6 25.Nc6 Rac8 26.Rc1 Bf8 27.Rc4 Qb1+ 28.Qf1 Qxf1+ 29.Kxf1 a6
30.Rb7 Nb8 31.Rg4+ Kh8 32.Nxb8 Rxb8 33.Rxb8 Rxb8 34.Bd4 e5 35.Bc3 Bh6 36.Ke2 Bc1
37.b4 Rc8 38.Kd3 Rd8+ 39.Kc2 Be3 40.Re4 Bb6 41.f4 Rc8 42.Kb3 Rc6 43.fxe5 fxe5
44.Rxe5 Kg8 45.Rf5 Rg6 46.g3 Bg1 47.Rh5 h6 48.Bd2 Kg7 49.Bf4 Re6 50.g4 Be3
51.Re5 Rxe5 52.Bxe5+ Kg6 53.Bg3 Kg5 54.h3 Bd2 55.Ka4 h5 56.gxh5 Kxh5 57.Ka5 Bc3  1/2-1/2

[Event "Clichy"]
[Site "Clichy"]
[Date "1993.??.??"]
[Round "4"]
[White "Hauchard, Arnaud"]
[Black "Flear, Glenn C"]
[Result "1-0"]
[WhiteElo "2450"]
[BlackElo "2515"]

1.c4 e6 2.Nc3 d5 3.d4 c6 4.e3 Nf6 5.Nf3 Nbd7 6.Bd3 dxc4 7.Bxc4 b5 8.Bd3 a6
9.e4 c5 10.d5 c4 11.Bc2 Qc7 12.O-O Bc5 13.Bg5 Bb7 14.Bh4 e5 15.a3 O-O 16.Kh1 Ne8
17.Ng1 Nd6 18.Nge2 Rae8 19.f3 Be3 20.Qe1 Nc5 21.Bf2 Bxf2 22.Qxf2 f5 23.exf5 Nxf5
24.Rad1 Nd6 25.Qe3 Bc8 26.Ng3 Bd7 27.Nce4 Ndxe4 28.Nxe4 Nxe4 29.Bxe4 Qd6
30.Qc3 Rf6 31.Qb4 Bc8 32.Qxd6 Rxd6 33.Kg1 Bb7 34.Rd2 g6 35.Kf2 Rc8 36.Rc1 Kf7
37.Ke3 Rc5 38.h4 h6 39.g3 Kf6 40.f4 exf4+ 41.gxf4 Rc7 42.Rg1 Kf7 43.h5 gxh5
44.Rdg2 Rcd7 45.Rg7+ Ke8 46.Rg8+ Kf7 47.R1g7+ Kf6 48.Rxd7 Rxd7 49.Rg6+ Ke7
50.Kd4  1-0

[Event "Sommerskak"]
[Site "Copenhagen"]
[Date "1993.??.??"]
[Round "1"]
[White "Jelling, Erik"]
[Black "Rasmussen, Karsten"]
[Result "1-0"]
[WhiteElo "2395"]
[BlackElo "2440"]

1.d4 d5 2.c4 c6 3.Nf3 Nf6 4.Nc3 e6 5.e3 Nbd7 6.Qc2 Bd6 7.Be2 O-O 8.O-O Qe7
9.b3 Re8 10.Rd1 b6 11.e4 Nxe4 12.Nxe4 dxe4 13.Qxe4 Bb7 14.Bf4 Rad8 15.Bxd6 Qxd6
16.Ne5 Qc7 17.Bf3 Nf6 18.Qe3 a5 19.Rac1 h6 20.h3 Ba8 21.a3 c5 22.dxc5 bxc5
23.Rxd8 Rxd8 24.Bxa8 Rxa8 25.Rd1 Rb8 26.Rd3 Rb6 27.f4 Rd6 28.Qf3 Rxd3 29.Qxd3 a4
30.bxa4 Qa5 31.Kh2 Qxa4 32.Qd8+ Qe8 33.Qxe8+ Nxe8 34.a4 Nc7 35.g4 f6 36.Nd3 Na6
37.f5 Kf7 38.Kg3 g5 39.fxg6+ Kxg6 40.Nf4+ Kf7 41.Kh4 e5 42.Nd5 Nb4 43.Nc3 Nc6
44.Ne4 Na5 45.Kh5 Kg7 46.Nd6 Nb3 47.Nf5+ Kh7 48.Nxh6 Na5 49.Nf5 Nxc4 50.Kh4 Na5
51.Kg3 c4 52.Kf3 Nb3 53.Ke2 Kg6 54.h4 e4 55.Kd1 Na5 56.Kc2 Nc6 57.Kc3 Na5
58.Ne3 Nc6 59.Kxc4  1-0

[Event "Copenhagen op15"]
[Site "Copenhagen"]
[Date "1993.??.??"]
[Round "2"]
[White "Kaunas, Kestutis"]
[Black "Khenkin, Igor"]
[Result "0-1"]
[WhiteElo "2335"]
[BlackElo "2575"]

1.d4 d5 2.c4 c6 3.Nc3 Nf6 4.Nf3 e6 5.e3 Nbd7 6.Qc2 Bd6 7.Be2 O-O 8.O-O Re8
9.Rd1 Qe7 10.e4 Nxe4 11.Nxe4 dxe4 12.Qxe4 e5 13.Bg5 Qf8 14.Bd3 f5 15.Qh4 e4
16.c5 Bc7 17.Bc4+ Kh8 18.Nd2 a5 19.a3 a4 20.Rac1 b6 21.Rc3 Nf6 22.Bxf6 Qxf6
23.Qxf6 gxf6 24.Bf7 Rd8 25.Nf1 f4 26.cxb6 Bxb6 27.d5 cxd5 28.Rxd5 Ba6 29.g3 Rxd5
30.Bxd5 Rd8 31.Bc4 Bxc4 32.Rxc4 e3 33.Re4 Rd2 34.fxe3 fxe3 35.Nxe3 Re2 36.Re8+ Kg7
37.Re6 Bxe3+ 38.Kf1 Rf2+ 39.Ke1 Bc5 40.Rc6 Rf5 41.Ra6 Re5+ 42.Kd2 Rf5 43.Rxa4 Rf2+
44.Kc3 Rxh2 45.b4 Bd6 46.b5 h5 47.Ra7+ Kg6 48.a4 Bxg3 49.a5 Be5+ 50.Kc4 Rc2+
51.Kd5 Rb2 52.Kc6 h4 53.Ra8 f5 54.Re8 Bd4 55.Rd8 Rb4 56.Rg8+ Kh5 57.Rf8 Kg4
58.Rg8+ Kh5 59.Rf8 Kg4 60.Rg8+ Kf3 61.Rg5 f4 62.b6 h3 63.b7 h2 64.Rh5 Kg3
65.a6 f3  0-1

[Event "CUB-ch"]
[Site "?"]
[Date "1993.??.??"]
[Round "1"]
[White "Pelaez, Jorge L"]
[Black "Lugo, Blas"]
[Result "1-0"]
[WhiteElo "2240"]
[BlackElo "2400"]

1.d4 d5 2.Nf3 Nf6 3.c4 c6 4.Nc3 e6 5.e3 Nbd7 6.Qc2 Bd6 7.g4 dxc4 8.g5 Nd5
9.Bxc4 e5 10.Bd2 exd4 11.Qe4+ Qe7 12.Qxd4 Nb4 13.Qxg7 Rf8 14.Qxh7 Nb6 15.Be2 Be6
16.a3 N4d5 17.Nd4 Nxc3 18.Bxc3 Nd5 19.Nxe6 Qxe6 20.Bg7 Be5 21.Bxf8 Kxf8 22.Qh6+ Qxh6
23.gxh6 Bxb2 24.Rb1 Bc3+ 25.Kf1 b6 26.Rg1 Ke7 27.Rc1 Kd6 28.e4  1-0

[Event "Cuxhaven op"]
[Site "Cuxhaven"]
[Date "1993.??.??"]
[Round "2"]
[White "Krallmann, Matthias"]
[Black "Slobodjan, Roman"]
[Result "0-1"]
[WhiteElo "2255"]
[BlackElo "2435"]

1.d4 d5 2.c4 e6 3.Nc3 c6 4.e3 Nf6 5.Nf3 Nbd7 6.Qc2 Bd6 7.Be2 O-O 8.O-O Re8
9.Rd1 Qe7 10.h3 b6 11.e4 dxe4 12.Nxe4 Nxe4 13.Qxe4 Bb7 14.Bd3 f5 15.Qe2 c5
16.d5 Qf6 17.Bg5 Qg6 18.Qd2 h6 19.Bf4 e5 20.Bg3 Qf6 21.Bc2 f4 22.Bh2 e4 23.Ne1 Nf8
24.Ba4 Re7 25.Nc2 Ng6 26.Re1 Rf8 27.Bc6 Bc8 28.b3 Nh4 29.Kh1 Qg5 30.Rg1 Rf6
31.Raf1 Rg6 32.Ne1 Nf5 33.Nc2 Qh4 34.a3 f3 35.Bxd6 fxg2+ 36.Rxg2 Qxh3+  0-1

[Event "Cuxhaven op"]
[Site "Cuxhaven"]
[Date "1993.??.??"]
[Round "4"]
[White "Bykhovsky, Avigdor"]
[Black "Slobodjan, Roman"]
[Result "1/2-1/2"]
[WhiteElo "2470"]
[BlackElo "2435"]

1.d4 d5 2.c4 c6 3.Nf3 Nf6 4.Nc3 e6 5.e3 Nbd7 6.Qc2 Bd6 7.Be2 O-O 8.O-O Re8
9.Rd1 Qe7 10.b3 b6 11.e4 dxe4 12.Nxe4 Nxe4 13.Qxe4 Bb7 14.Ne5 Nf6 15.Qh4 Nd7
16.Qxe7 Rxe7 17.Bf4 f6 18.Ng6 Bxf4 19.Nxf4 e5  1/2-1/2

[Event "Cuxhaven op"]
[Site "Cuxhaven"]
[Date "1993.??.??"]
[Round "7"]
[White "Glek, Igor V"]
[Black "Chuchelov, Vladimir"]
[Result "1/2-1/2"]
[WhiteElo "2535"]
[BlackElo "2510"]

1.d4 d5 2.c4 c6 3.Nc3 Nf6 4.Nf3 e6 5.e3 Nbd7 6.Qc2 Bd6 7.Be2 O-O 8.O-O e5
9.cxd5 cxd5 10.Nb5 Bb8 11.dxe5 Nxe5 12.Bd2  1/2-1/2

[Event "CZE Tschechien-ch"]
[Site "?"]
[Date "1993.??.??"]
[Round "4"]
[White "Pachmann, Ales"]
[Black "Orsag, Milan"]
[Result "1-0"]
[WhiteElo "2065"]
[BlackElo "1810"]

1.d4 d5 2.c4 c6 3.Nc3 Nf6 4.e3 e6 5.Nf3 Nbd7 6.Qc2 Be7 7.g4 dxc4 8.Bxc4 Nd5
9.e4 Nxc3 10.bxc3 b5 11.Bd3 a6 12.c4 c5 13.Bb2 Bb7 14.Rd1 Rc8 15.d5 exd5
16.exd5 Bf6 17.O-O b4 18.Rfe1+ Kf8 19.Bf5 Bxb2 20.Qxb2 Rb8 21.Re3 Qf6 22.Qxf6 Nxf6
23.g5 Ne8 24.Ne5 Rd8 25.Nd7+ Rxd7 26.Bxd7 Nd6 27.Rde1 g6 28.Re8+ Kg7 29.Rxh8 Kxh8
30.Re7 Kg7 31.Bg4 Ba8 32.Be2 Kf8  1-0

[Event "CZE Tschechien-ch"]
[Site "?"]
[Date "1993.??.??"]
[Round "4"]
[White "Adamek, Zdenek"]
[Black "Svoboda, Zdenek"]
[Result "0-1"]
[WhiteElo "2095"]
[BlackElo "2055"]

1.d4 d5 2.c4 c6 3.Nc3 Nf6 4.e3 e6 5.Nf3 Nbd7 6.Qc2 Be7 7.g4 h6 8.Rg1 dxc4
9.g5 hxg5 10.Nxg5 Nf8 11.Nf3 g6 12.Bxc4 Rh3 13.Ng5 Rxh2 14.Bd3 Rh6 15.e4 Ng8
16.Be3 Rh5 17.f4 Nh7 18.Nxh7 Rxh7 19.O-O-O Nf6 20.f5 gxf5 21.Bg5 Nxe4 22.Bxe7 Kxe7
23.Bxe4 fxe4 24.Qxe4 Rh5 25.Kb1 Qh8 26.d5 Qe5 27.d6+ Kd7 28.Rg8 Qf5 29.Rf8 b6
30.Ka1 Qxe4 31.Nxe4 Rf5 32.Kb1 Bb7 33.Rxa8 Bxa8 34.Kc2 c5 35.Nc3 a6 36.a4 Bc6
37.b3 Bd5 38.a5 b5 39.Kb2 Kxd6  0-1

[Event "CZE Tschechien-ch"]
[Site "?"]
[Date "1993.??.??"]
[Round "5"]
[White "Skyva, Z."]
[Black "Tochacek, Michal"]
[Result "1/2-1/2"]
[WhiteElo "2070"]
[BlackElo "1995"]

1.d4 d5 2.c4 c6 3.Nf3 e6 4.Nc3 Nf6 5.e3 Nbd7 6.Qc2 Bd6 7.b3 O-O 8.Be2 dxc4
9.bxc4 Qc7 10.Bb2 Re8 11.Ng5 h6 12.h4 b6 13.O-O-O e5 14.Kb1 Nf8 15.Nge4 Nxe4
16.Nxe4 exd4 17.exd4 Bb4 18.Bf3 Qe7 19.Ng3 Bd7 20.Rd3 Rac8 21.Re3 Qd6 22.Ne4 Bf5
23.Nxd6 Bxc2+ 24.Kxc2 Bxd6 25.Rxe8 Rxe8 26.Kd3 c5 27.d5 Ng6 28.g3 Kf8 29.Be4 Ne5+
30.Bxe5 Rxe5 31.f4 Re7 32.a4 g6 33.h5 f5 34.Bf3 g5 35.fxg5 hxg5 36.g4 Bf4
37.Rf1 Re3+ 38.Kc2 fxg4 39.Bxg4 Kg7 40.Rf3 Re4 41.Kb3 Re1 42.Rf2 Re3+ 43.Kc2 Re4
44.Be2 Bg3 45.Rg2 Bf4 46.Bd3 Re1 47.d6 Rc1+ 48.Kb2 Rd1 49.Kc3 Bxd6 50.Rxg5+ Kh8
51.Rd5 Bf4 52.Rd7 Ra1 53.h6 Rg1 54.h7 Bg5 55.Rxa7 Bf6+ 56.Kd2 Rh1 57.Ra8+ Kg7
58.Rb8 Rh6 59.Ke2 Bd4 60.Bf5 Bc3 61.Kf3 Kf7 62.Rb7+ Kf8 63.Ke4 Rh4+ 64.Kd5 Rh5
65.Ke6 Rh6+ 66.Kd7 Be5 67.Kd8 Rd6+ 68.Rd7 Rd4 69.Rxd4 cxd4 70.Kd7 d3 71.Bxd3 Kg7
72.Kc6 Bd4 73.Kb5 Be3  1/2-1/2

[Event "CZE Tschechien-ch"]
[Site "?"]
[Date "1993.??.??"]
[Round "9"]
[White "Skyva, Z."]
[Black "Orsag, Milan"]
[Result "0-1"]
[WhiteElo "2070"]
[BlackElo "1810"]

1.d4 d5 2.c4 c6 3.Nf3 Nf6 4.Nc3 e6 5.e3 Nbd7 6.Qc2 Bd6 7.b3 O-O 8.Be2 dxc4
9.bxc4 c5 10.O-O b6 11.Bb2 Bb7 12.Rad1 cxd4 13.exd4 Rc8 14.Ne5 a6 15.f4 Qc7
16.Qb3 Rfd8 17.Rde1 Ne4 18.Bh5 Bxe5 19.fxe5 Nd2 20.Bxf7+ Kh8 21.Qc2 Nxf1
22.Bxe6 Re8 23.Nd5 Qd8 24.Bxd7 Qxd7 25.Nxb6 Qg4 26.Nxc8 Nxh2 27.Re3 Bxc8
28.Kxh2 Qf4+ 29.Rg3 Qh4+ 30.Rh3 Bxh3 31.gxh3 Rf8 32.Kg1 Qg3+ 33.Qg2 Qe1+  0-1

[Event "CZE-ch (Women)"]
[Site "?"]
[Date "1993.??.??"]
[Round "?"]
[White "Kubikova, Hana"]
[Black "Cejkova, Miroslava"]
[Result "1-0"]
[WhiteElo "2225"]
[BlackElo "2060"]

1.d4 d5 2.Nf3 e6 3.c4 c6 4.e3 Nf6 5.Nc3 Nbd7 6.Bd3 dxc4 7.Bxc4 b5 8.Bd3 a6
9.e4 c5 10.e5 cxd4 11.Nxb5 Nxe5 12.Nxe5 axb5 13.O-O Qd5 14.Qe2 Rb8 15.a4 bxa4
16.Rxa4 Bd6 17.Nf3 Rb4 18.Rxb4 Bxb4 19.Bc4 Qd6 20.Rd1 Bc5 21.b4 Bxb4 22.Rxd4 Qc5
23.Bb5+ Ke7 24.Bg5 Ba5 25.Ne5 Bb6 26.Rd1 h6 27.Nc6+ Kf8 28.Be3  1-0

[Event "CZE-ch"]
[Site "?"]
[Date "1993.??.??"]
[Round "4"]
[White "Pachman, Ludek"]
[Black "Jandourek, Lukas"]
[Result "1-0"]
[WhiteElo "2370"]
[BlackElo "2270"]

1.d4 d5 2.c4 c6 3.Nc3 Nf6 4.e3 e6 5.Nf3 Be7 6.Bd3 O-O 7.O-O Nbd7 8.b3 b6
9.Bb2 Bb7 10.Qe2 Rc8 11.Rad1 Qc7 12.Ne5 Ne8 13.f4 f5 14.cxd5 exd5 15.g4 Nd6
16.gxf5 Nxf5 17.Qg4 Nxe5 18.fxe5 Nh6 19.Qe6+ Kh8 20.e4 Bg5 21.Qh3 Qe7 22.exd5 cxd5
23.Nb5 Rxf1+ 24.Rxf1 Rf8 25.Rxf8+ Qxf8 26.Nd6 Bc6 27.Qc8 Qxc8 28.Nxc8 Bd7
29.Nxa7 Ng4 30.Nb5 Bf4 31.h4 h5 32.Nc7 Ne3 33.Be2 g5 34.hxg5 h4 35.Bf3 h3
36.Nxd5 Bxg5  1-0

[Event "CZE-chT"]
[Site "?"]
[Date "1993.??.??"]
[Round "?"]
[White "Zvolanek, Libor"]
[Black "Trefny, Vlastimil"]
[Result "0-1"]
[WhiteElo "2375"]
[BlackElo "2220"]

1.d4 d5 2.c4 e6 3.Nc3 c6 4.e3 Nf6 5.Nf3 Nbd7 6.Qc2 Bd6 7.Be2 O-O 8.O-O Re8
9.Bd2 Qe7 10.Rac1 h6 11.Rfe1 dxc4 12.Bxc4 e5 13.Nh4 Nb6 14.dxe5 Qxe5 15.Nf3 Qh5
16.Be2 Bg4 17.h3 Bxh3 18.gxh3 Qxh3 19.Red1 Ng4 20.Be1 Bh2+ 21.Kh1 Re5 22.Rd4 Rh5
23.Ng5 hxg5  0-1

[Event "CZE-chT"]
[Site "?"]
[Date "1993.??.??"]
[Round "?"]
[White "Vrbata, Zbynek"]
[Black "Trefny, Vlastimil"]
[Result "1-0"]
[WhiteElo "2325"]
[BlackElo "2220"]

1.d4 d5 2.c4 e6 3.Nc3 c6 4.Nf3 Nf6 5.e3 Nbd7 6.Bd3 dxc4 7.Bxc4 b5 8.Bd3 a6
9.e4 c5 10.d5 e5 11.b3 c4 12.bxc4 Bb4 13.Bd2 bxc4 14.Bxc4 Qc7 15.Qe2 O-O
16.Rc1 Nb6 17.Bd3 Na4 18.O-O Bxc3 19.Bxc3 Nxc3 20.Qe1 Bg4 21.Rxc3 Qe7 22.Qe3 Nh5
23.Rfc1 Nf4 24.Rc7 Qd6 25.Bf1 f6 26.h3 Bxf3 27.Qxf3 a5 28.R1c6 Qb4 29.Qg4 g6
30.Qd7  1-0

[Event "Debrecen-A"]
[Site "Debrecen"]
[Date "1993.??.??"]
[Round "7"]
[White "Ionescu, Constantin"]
[Black "Feher, Gyula"]
[Result "1/2-1/2"]
[WhiteElo "2475"]
[BlackElo "2385"]

1.d4 d5 2.Nf3 Nf6 3.c4 e6 4.Nc3 c6 5.e3 Nbd7 6.Qc2 Bd6 7.Be2 O-O 8.O-O Re8
9.Rd1 Qe7 10.h3 b6 11.e4 Nxe4 12.Nxe4 dxe4 13.Qxe4 Bb7 14.Bg5 Nf6 15.Bxf6 Qxf6
16.Ne5 Rad8 17.Bf3 Ba8 18.Qe2 c5 19.Bxa8 Rxa8 20.Ng4 Qe7 21.dxc5 Bxc5 22.Ne5 Bd6
23.Rd2 Qc7 24.Nf3 Bb4 25.Rd4 Bc5 26.Rd2 Bb4 27.Rd4 Bc5 28.Rd2  1/2-1/2

[Event "DEN-chT9394"]
[Site "DEN"]
[Date "1993.??.??"]
[Round "4"]
[White "Clausen, Steen"]
[Black "Brautsch, Soren"]
[Result "1/2-1/2"]
[WhiteElo "2285"]
[BlackElo "2245"]

1.d4 d5 2.Nf3 Nf6 3.c4 e6 4.Nc3 c6 5.e3 Nbd7 6.Bd3 Bb4 7.O-O O-O 8.a3 dxc4
9.Bxc4 Bd6 10.e4 e5 11.h3 Qe7 12.Bg5 Rd8 13.d5 h6 14.Bh4 Nf8 15.dxc6 bxc6  1/2-1/2

[Event "Doha"]
[Site "Doha"]
[Date "1993.??.??"]
[Round "4"]
[White "Kuzmin, Alexey"]
[Black "Vasiukov, Evgeni"]
[Result "1/2-1/2"]
[WhiteElo "2555"]
[BlackElo "2495"]

1.d4 d5 2.c4 c6 3.Nc3 Nf6 4.e3 e6 5.Nf3 Nbd7 6.Bd3 dxc4 7.Bxc4 b5 8.Be2 Bb7
9.O-O a6 10.e4 c5 11.e5 Nd5 12.a4 b4 13.Ne4 cxd4 14.Bg5 Qb8 15.Qxd4 Qa7 16.Qxa7 Rxa7
17.Rfc1 h6 18.Bd2 Be7 19.Nd6+ Bxd6 20.exd6 O-O 21.a5 Raa8 22.Nd4 Rad8 23.Nc6 Bxc6
24.Rxc6 Nb8 25.Rc4 Rxd6 26.Bxb4 Nxb4 27.Rxb4 Rfd8 28.Kf1 Kf8 29.Ke1 Nc6 30.Rb6 Nd4
31.Rxd6 Rxd6 32.Rc1 Rd5 33.Bxa6 Re5+ 34.Kd1 Rxa5 35.Bd3 f5 36.Rc4 Rd5 37.Kd2 Ke7
38.Rc7+ Kf6 39.Kc3 e5 40.b4 Rd6 41.Bc4 Nc6 42.b5 Nb8 43.Rf7+ Kg6 44.h4 h5
45.Rc7 Kf6 46.Rf7+ Kg6 47.Ra7 Kf6 48.Bf7 g5 49.hxg5+ Kxg5 50.Ra8 Rd8 51.b6 h4
52.b7 Kf6 53.Bd5 Ke7 54.Kc4 Kd6 55.Ra5 Rd7 56.Rc5 Rc7 57.Rxc7 Kxc7 58.Be6 f4
59.f3 Kxb7 60.Kd5 Nc6 61.Bd7 Nd4 62.Kxe5 Ne2 63.Bb5 h3 64.gxh3 Ng1 65.Kxf4 Nxf3
66.Kxf3 Kc7 67.Kf4  1/2-1/2

[Event "Doha"]
[Site "Doha"]
[Date "1993.??.??"]
[Round "6"]
[White "Sharif, Mershad"]
[Black "Vasiukov, Evgeni"]
[Result "1/2-1/2"]
[WhiteElo "2425"]
[BlackElo "2495"]

1.d4 d5 2.c4 e6 3.Nc3 c6 4.e3 Nf6 5.Nf3 Nbd7 6.Qc2 b6 7.Be2 Bb7 8.O-O Be7
9.e4 dxe4 10.Nxe4 Qc7 11.Bg5 c5 12.Nc3 a6 13.d5 exd5 14.cxd5 O-O 15.a4 Bxd5
16.Nxd5 Nxd5 17.Bc4 Nb4 18.Qf5 Bxg5 19.Nxg5 Nf6 20.Ra3 Rae8 21.Re3 Rxe3 22.fxe3 Nc6
23.Qh3 h5 24.Rxf6 gxf6 25.Qxh5 fxg5 26.Qxg5+ Kh8  1/2-1/2

[Event "Doha"]
[Site "Doha"]
[Date "1993.??.??"]
[Round "10"]
[White "Sharif, Mershad"]
[Black "Catalan, Toufeeq"]
[Result "1-0"]
[WhiteElo "2425"]
[BlackElo "2200"]

1.d4 d5 2.c4 e6 3.Nc3 c6 4.e3 Nf6 5.Nf3 Nbd7 6.Qc2 Bd6 7.Be2 O-O 8.O-O dxc4
9.Bxc4 e5 10.h3 Qe7 11.a3 Bb8 12.Ba2 Rd8 13.Ng5 Rf8 14.dxe5 Nxe5 15.f4 Ng6
16.Bd2 Bc7 17.Rae1 Bd7 18.e4 Nh5 19.Nd5 cxd5 20.Qxc7 Bb5 21.Qxe7 Nxe7 22.Rf2 Bc4
23.Bxc4 dxc4 24.g4 Nf6 25.e5 Nfd5 26.f5 Nc6 27.e6 fxe6 28.Nxe6 Rfe8 29.Rfe2 h6
30.Rd1 Rad8 31.Kf2 Rd7 32.Be1 Nf6 33.Rxd7 Nxd7 34.Bc3 Nf6 35.Kf3 Kf7 36.Nd4 Ne5+
37.Kg3 a6 38.Nb5 axb5 39.Rxe5 Rd8 40.Rxb5 Ne4+ 41.Kf4 Nxc3 42.Rxb7+ Kf6 43.bxc3 Rd3
44.h4 g5+ 45.fxg6 Kxg6 46.h5+ Kf6 47.Rh7  1-0

[Event "Dortmund op-A"]
[Site "Dortmund"]
[Date "1993.??.??"]
[Round "2"]
[White "Bukal, Vladimir Sr"]
[Black "Trabert, Bettina"]
[Result "1/2-1/2"]
[WhiteElo "2380"]
[BlackElo "2180"]

1.c4 c6 2.d4 d5 3.e3 Nf6 4.Nc3 e6 5.Nf3 Nbd7 6.Qc2 Bd6 7.Be2 O-O 8.O-O dxc4
9.Bxc4 e5 10.a3 Qe7 11.h3 h6 12.Ba2 Re8 13.Bb1 exd4 14.exd4 Nf8 15.Bd2 Qc7
16.Ba2 Be6 17.Bxe6 Nxe6 18.Qf5 Bf4 19.Be3 Rad8 20.Rfe1 Bxe3 21.fxe3 Nd5 22.e4 Ne7
23.Qe5 Qxe5 24.dxe5 Ng6 25.Rad1 Kf8 26.h4 Rxd1 27.Rxd1 Rd8 28.Rxd8+ Nxd8
29.g3 h5 30.Kf2 Ke7 31.Ne2 Ne6 32.Ke3 Ngf8 33.Nf4 g6 34.b4 Nd7 35.Kd3 Nb6
36.Nd4 Nxd4 37.Kxd4 Nd7 38.a4 Nf8 39.a5 Ne6+ 40.Kc4 Nc7 41.Kd3 Na6 42.Kc3 Nc7
43.Kc4 b6 44.axb6 axb6 45.Kd3 Kd7 46.Kc4 Ke7 47.Kc3 Nb5+ 48.Kd3 Nc7 49.Kc4 Kd7
50.Kd3 Ke7 51.Kc4 Kd7  1/2-1/2